Teória výchovy Vybrané kapitoly

Saved in:
Bibliographic Details
Main Author: Višňovský, Ľudovít (Author)
Format: Book
Language:Slovak
Published: Banská Bystrica : Univerzita Mateja Bela v Banskej Bystrici, 1998
Edition:1. vyd.
Subjects:
ISBN:8080551359
Online Access: Get full text
Tags: Add Tag
No Tags, Be the first to tag this record!

MARC

LEADER 00000nam a2200000 4500
003 SK-BrCVT
005 20230525121036.0
008 221214c1998 xo slo
020 |a 8080551359  |c 50.00 Sk 
035 |a CVTIDW0015339 
040 |a CVTISR  |c CVTISR  |e AACR2 
041 |a slo 
044 |a xo  |c SK 
100 1 |a Višňovský, Ľudovít  |4 aut 
245 1 |a Teória výchovy  |b Vybrané kapitoly  |c Autor: Ľudovít Višňovský 
250 |a 1. vyd. 
260 1 |a Banská Bystrica :  |b Univerzita Mateja Bela v Banskej Bystrici,  |c 1998 
300 |a 121 s. 
655 4 |a skriptá  |9 35131 
910 |a 1922  |b P990309 
919 |a 80-8055-135-9 
974 |a cvti cvti  |f Knihy neprofilové  |b cvti cvti 
992 |a ASK 
997 |h WINISIS 
999 |c 279821  |d 279821